000 00745nam a2200253Ia 4500
003 OSt
005 20220926004748.0
006 a|||||r|||| 00| 0
007 ta
008 220923b |||||||| |||| 00| 0 eng d
020 _a8170364426
037 _cGeneral Book
040 _aRTL
_cRTL
_beng
041 _2eng
_aeng
082 _aY38.44Q7.N6, N5
100 _aSamad Yunas
_9123522
245 0 _aNation in turmoil
_b Nationalism and ethnicity in Pakistan,1937-1958
260 _a New Delhi
_bSage
_c1995
300 _a232p
_ccm.
500 _aBibliography: p 216-24; Glossary: p 213-15
650 _aNationalism Sociology
942 _hY38.44Q7.N6, N5
_cGB
_2CC
999 _c612235
_d612235